Austria-hungary regions - Statistics

General Stats
  • This quiz has been taken 136 times
  • The average score is 9 of 18
Answer Stats
Answer % Correct
16 Hungary/Transleithania
91%
1 Bohemia
73%
13 Tyrol
70%
18 Bosnia and Herzegovina
69%
9 Moravia
66%
5 Dalmatia
65%
8 Lower Austria
56%
11 Silesia
56%
14 Upper Austria
56%
6 Galicia
49%
12 Styria
47%
10 Salzburg
46%
3 Carinthia
45%
15 Vorarlberg
36%
4 Carniola
35%
2 Bukovina
34%
17 Croatia-Slavonia
8%
7 Küstenland
2%
No matching quizzes found
Score Distribution
Percent of People with Each Score
Percentile by Number Answered
Your Score History
You have not taken this quiz